Zuzana má stále šancu uspieť v Indii
Výrobca samohybných kanónových húfnic Zuzana ZŤS Dubnica nad Váhom a obchodná spoločnosť Kerametal, a.s. Bratislava majú šancu na budúcu spoluprácu s Indiou, ktorá má o zbraň záujem. India má záujem o veľkú zákazku, ale tender na dodávku zbrane sa zatiaľ oficiálne neuzavrel. Očakáva sa reakcia Indie...
Gespeichert in:
| 1. Verfasser: | |
|---|---|
| Format: | Buchkapitel |
| Sprache: | Slowakisch |
| Schlagworte: | |
| Tags: |
Keine Tags, Fügen Sie das erste Tag hinzu!
|
MARC
| LEADER | 00000naa a2200000 4500 | ||
|---|---|---|---|
| 001 | r040074 | ||
| 005 | 20230921110304.4 | ||
| 041 | 0 | |a slo | |
| 044 | |a SK | ||
| 245 | 1 | 0 | |a Zuzana má stále šancu uspieť v Indii |c Gabriel Beer |
| 520 | |a Výrobca samohybných kanónových húfnic Zuzana ZŤS Dubnica nad Váhom a obchodná spoločnosť Kerametal, a.s. Bratislava majú šancu na budúcu spoluprácu s Indiou, ktorá má o zbraň záujem. India má záujem o veľkú zákazku, ale tender na dodávku zbrane sa zatiaľ oficiálne neuzavrel. Očakáva sa reakcia Indie. Podiel firiem na vývoji Zuzany. Zuzana bola zaradená do výzbroje Armády SR. | ||
| 610 | 2 | 0 | |a zbrane |
| 610 | 2 | 0 | |a výroba |
| 610 | 2 | 0 | |a vývoz |
| 610 | 2 | 0 | |a zákazky |
| 610 | 2 | 0 | |a Slovensko |
| 610 | 2 | 0 | |a India |
| 100 | 1 | |a Beer, Gabriel | |